000 00580nam a2200169Ia 4500
003 GCL
008 140319s9999 xx 000 0 ara d
040 _aGCL /
_cGCL
082 0 4 _aق
_b932.096
_bس ح
100 1 _aسيد احمد الناصرى
245 1 0 _aحضارة وتاريخ واثار مصر تحت حكم الاغريق والرومان من الفتح المقدونى حتى الفتح الاسلامى /
_cسيد احمد الناصرى
300 _a299 ص
490 _aكتاب
_v0
650 0 4 _aالرومان
650 0 4 _aالبطالمة
942 _2ddc
_cBK
999 _c41749
_d41749